| 000 | 01061nam a2200217Ia 4500 | ||
|---|---|---|---|
| 001 | 10053 | ||
| 003 | GE_BSU | ||
| 008 | 181216s||||||||xx |||||||||||||| ||und|| | ||
| 040 | _cGE_BSU | ||
| 080 | _a94(470)"18"(072) | ||
| 245 | _aრუსეთი (სსრკ)xix საუკუნის ბოლოს -xxi საუკუნის დასაწყისში. | ||
| 245 | _bმეთოდური მითითებები უმაღლესი სასწ.სტუდენტებისათვის. | ||
| 245 | _cშემდგ:რევაზ დიასამიძე,სამეცნ.რედ.ვახტანგ გურული;რედ:ემზარ მაკარაძე | ||
| 260 | _aბათუმი. | ||
| 260 | _bუნ-ტის გამ-ბა. | ||
| 260 | _c2014. | ||
| 300 | _a206გვ;20სმ. | ||
| 541 | _h5ლ.6თ. | ||
| 653 | _aრუსეთი (სსრკ)xix საუკუნის ბოლოს -xxi საუკუნის დასაწყისში. | ||
| 942 | _cBK | ||
| 999 |
_c43325 _d43325 |
||